Los problemas y la estrategia del planeamiento de la educación: la experiencia de América Latina
Sábháilte in:
| Príomhchruthaitheoirí: | , , , , , , , , , , |
|---|---|
| Rannpháirtithe: | |
| Formáid: | LEABHAR |
| Teanga: | Spáinnis |
| Foilsithe / Cruthaithe: |
París
UNESCO
1965
|
| Ábhair: | |
| Clibeanna: |
Cuir clib leis
Níl clibeanna ann, Bí ar an gcéad duine le clib a chur leis an taifead seo!
|
MARC
| LEADER | 00000nam a2200000 a 4500 | ||
|---|---|---|---|
| 001 | UCY8526 | ||
| 003 | CL-VaPUC | ||
| 005 | 20220921074438.0 | ||
| 008 | 950703e19650000fr 1 spa d | ||
| 082 | 0 | 4 | |a 371.2 |b LYO |2 21 |
| 100 | 1 | |a Lyons, Raymond F |e author |9 617280 | |
| 700 | 1 | |a Coombs, Philip H |e author |9 617281 | |
| 700 | |a Mayobre, José Antonio |e autor |9 380324 | ||
| 700 | 1 | |a Wolfe, Marshall |e author |9 617283 | |
| 700 | 1 | |a Lourié, Sylvain S |e author |9 617284 | |
| 700 | 1 | |a Diez Hochleitner, Ricardo |e author |9 617285 | |
| 700 | 1 | |a Grégoire, Roger |e author |9 617286 | |
| 700 | 1 | |a Balogh, Thomas |e author |9 617287 | |
| 700 | 1 | |a Chaparro, Alvaro |e author |9 617288 | |
| 700 | 1 | |a Tünnermann Bernheim, Carlos |e author |9 617289 | |
| 700 | 1 | |a Benveniste, Guy |e author |9 617290 | |
| 700 | 1 | |a Halty Carrere, Máximo |e author |9 617291 | |
| 245 | 1 | 4 | |a Los problemas y la estrategia del planeamiento de la educación: la experiencia de América Latina |
| 260 | |a París |b UNESCO |c 1965 | ||
| 300 | |a 126 p | ||
| 583 | |a last modification |c 20120902 08:45:13 |k Rodrigo Vera | ||
| 650 | 0 | 0 | |a Planificación de la educación |9 307333 |
| 650 | 0 | 0 | |a Problemas sociales |9 258537 |
| 650 | 0 | 0 | |a Planificación del desarrollo |9 326796 |
| 650 | 0 | 0 | |a Administración de la enseñanza |9 261034 |
| 650 | 0 | 7 | |a DESARROLLO DE LA EDUCACION |2 CL-VaPUC |9 617292 |
| 651 | 0 | |a América Latina |9 255027 | |
| 942 | |c BK | ||
| 945 | |a cmena |d 19950703 00:00:00 | ||
| 546 | |a En Español | ||
| 518 | |p Conferencia sobre Educación y Desarrollo Social en América Latina, 1, Santiago, marzo de 1962 | ||
| 999 | |c 382411 |d 382409 | ||
| 952 | |0 0 |1 0 |4 0 |6 371_200000000000000_LYO_1965 |7 0 |8 P |9 504088 |a BIBEDU |b BIBEDU |c BIBEDU_PB |d 2020-01-23 |i 1524429 |o 371.2 LYO 1965 |p 1524429 |r 2024-01-25 |w 2020-01-23 |y BK |k EDU | ||
| 952 | |0 0 |1 0 |4 0 |6 371_200000000000000_LYO_1965 |7 0 |8 P |9 504089 |a BIBEDU |b BIBEDU |c BIBEDU_PB |d 2020-01-23 |i 163478K |o 371.2 LYO 1965 |p 163478K |r 2024-01-25 |w 2020-01-23 |y BK |k EDU | ||